Geographie-Länder Quiz - Statistiken

Allgemein
  • Dieses Quiz wurde 126 mal gespielt
  • Das Durchschnittsergebnis liegt bei 10 aus 15
Antwortstatistiken
Frage Antwort % Korrekt
Welches Land liegt nicht in Afrika? Bahamas
97%
Welches Europäische Land hat keinen König/Königin? Kroartien
92%
Welche Stadt ist keine Europäische Hauptstadt? Lilongwe
89%
Was gehört nicht zu Ozeanien? Bermuda
84%
Welches Land ist kein Binnenland? Chile
75%
Welches ist das Jüngste Land? Südsudan
71%
Welches der Länder hat Lila in der Flagge? Dominica
68%
In welchem Land steht/stand kein Weltwunder? Nepal
67%
Welches Land hat 2 Hauptstädte? Südafrika
67%
Welches Land hat die Geringste Bevölkerungsdichte? Grönland
66%
Welches Land gehört nicht zur Nato? Österreich
61%
Welches land hat Rechtsverkehr? Chile
58%
Welches ist das Teuerste Urlaubsland 2025? Schweiz
56%
Welches Land passt von der Flagge nicht dazu? Norwegen
48%
Welches land ist kein Stadtstaat? San Marino
48%
Keine übereinstimmenden Quizze gefunden
Verteilung der Resultate
Anzahl Personen mit jedem Resultat
Perzentil nach korrekt beantworteten Fragen
Ihre Resultats-Entwicklung
Sie haben dieses Quiz noch nicht gespielt